000 00360nam a2200121Ia 4500
008 230303s9999 xx 000 0 und d
041 _aeng
082 _a512.02 ENN
100 _aMc Guire (George. C)
245 _aComputer Algebra Recipes An Introductory Guide to the Mathematical Models of Science
260 _aSPRINGER
_bMc Guire (George. C
365 _cRS
999 _c183201
_d183201